E233系が使われている路線 - Statistics

General Stats
  • This quiz has been taken 8 times
  • The average score is 17 of 22
Answer Stats
Hint Answer % Correct
3000番台 深緑色+オレンジ 湘南新宿ライン
100%
0番台 オレンジバーミリオン 中央線快速
83%
0番台 オレンジバーミリオン 青梅線
83%
0番台 オレンジバーミリオン 五日市線
83%
1000番台 明るい青色 京浜東北線
83%
1000番台 明るい青色 根岸線
83%
3000番台 深緑色+オレンジ 東海道本線
83%
3000番台 深緑色+オレンジ 高崎線
83%
3000番台 深緑色+オレンジ 上野東京ライン
83%
5000番台 赤色 京葉線
83%
6000番台 黄緑色+深緑色 横浜線
83%
7000番台 緑色 埼京線
83%
8000番台 黄色+オレンジ+黒 南武線
83%
2000番台 エメラルドグリーン 常磐線各駅停車
67%
2000番台 エメラルドグリーン 東京メトロ千代田線
67%
2000番台 エメラルドグリーン 小田急線
67%
3000番台 深緑色+オレンジ 伊東線
67%
3000番台 深緑色+オレンジ 宇都宮線
67%
5000番台 赤色 外房線
67%
5000番台 赤色 内房線
67%
5000番台 赤色 東金線
67%
7000番台 緑色 川越線
67%
No matching quizzes found
Score Distribution
Percent of People with Each Score
Percentile by Number Answered
Your Score History
You have not taken this quiz